Plano agrícola e pecuário 2009/2010 (Registro n. 73627)
[ somente texto ]
| 000 -LÍDER | |
|---|---|
| Campo de controle fixo | 00858nam a22003017a 4500 |
| 001 - NÚMERO DE CONTROLE | |
| Número de controle | BR0906006 |
| 003 - CÓDIGO MARC DA AGÊNCIA CATALOGADORA | |
| Campo de controle | BR-BrBNA |
| 005 - DATA E HORA DA ÚLTIMA ATUALIZAÇÃO | |
| Campo de controle | 20231005092532.0 |
| 008 - CAMPO DE TAMANHO FIXO | |
| Campo fixo de controle | 230509b bl.||||| |||| 00| 0 por d |
| 040 ## - FONTE DA CATALOGAÇÃO | |
| Agência catalogadora | BR-BrBNA |
| Idioma da catalogação | por |
| 041 ## - CÓDIGO DO IDIOMA | |
| Código do Idioma | (Por) |
| 072 ## - CATEGORIA AGRIS | |
| Código da categoria de assunto/objeto | <a href="E14">E14</a> |
| 090 ## - NÚMERO DE CHAMADA | |
| Localização na estante | E14 |
| Código BR | BR0906006 |
| 110 1# - ENTRADA PRINCIPAL - ENTIDADE | |
| Nome da entidade ou lugar | Ministério da Agricultura, Pecuária e Abastecimento, Brasília, DF (Brasil). Secretaria de Política Agrícola |
| 245 1# - TÍTULO PRINCIPAL | |
| Título principal | Plano agrícola e pecuário 2009/2010 |
| 260 3# - IMPRENTA (PUBLICAÇÃO, DISTRIBUIÇÃO, ETC.) | |
| Lugar de publicação, distribuição, etc. | Brasília, DF (Brasil): |
| Data de publicação, distribuição, etc | 2009. |
| 300 ## - DESCRIÇÃO FÍSICA | |
| Extensão | 52 p. |
| 650 ## - ASSUNTO - THESAGRO | |
| Cabeçalho tópico ou nome geográfico | PROJETO DE DESENVOLVIMENTO |
| 650 ## - ASSUNTO - THESAGRO | |
| Cabeçalho tópico ou nome geográfico | AGRICULTURA |
| 650 ## - ASSUNTO - THESAGRO | |
| Cabeçalho tópico ou nome geográfico | PECUÁRIA |
| 650 ## - ASSUNTO - THESAGRO | |
| Cabeçalho tópico ou nome geográfico | CRÉDITO RURAL |
| 650 ## - ASSUNTO - THESAGRO | |
| Cabeçalho tópico ou nome geográfico | DÍVIDA RURAL |
| 650 ## - ASSUNTO - THESAGRO | |
| Cabeçalho tópico ou nome geográfico | SEGURO RURAL |
| 650 ## - ASSUNTO - THESAGRO | |
| Cabeçalho tópico ou nome geográfico | POLÍTICA AGRÍCOLA |
| 909 ## - IDENTIFICAÇÃO DO CATALOGADOR | |
| Ano e mês da catalogação (aaaamm) | 202310 |
| Identificação do catalogador | LES |
| 942 ## - TIPO ESPECÍFICO | |
| Tipo de material | Livros |
| 952 ## - LOCATION AND ITEM INFORMATION (KOHA) | |
| -- | 2023-09-25 |
| -- | 2023-09-25 |
| -- | Portaria Interministerial nº 164/94 |
| Status de empréstimo | Fonte de classificação | Status de danificação | Não pode ser emprestado | Localização permanente | Localização atual | Total Checkouts | Número de chamada | Código de barras | Número de exemplar | Tipo de material | Perdido |
|---|---|---|---|---|---|---|---|---|---|---|---|
| Classificação AGRIS | Biblioteca Nacional de Agricultura - Binagri | Biblioteca Nacional de Agricultura - Binagri | E14 BR0906006 | 2023-436583 | 01 | Livros |

BINAGRI